| 000 | 00394nam a2200169Ia 4500 | ||
|---|---|---|---|
| 008 | 210210b1939 xxu||||| |||| 00| 0 eng d | ||
| 041 | _aeng | ||
| 082 | _a520/148 | ||
| 100 | _aPROCTOR (Mary) | ||
| 245 | _aEverymans astronomy | ||
| 260 |
_aLondon _bScientific Book Agency _c1939 |
||
| 300 | _a238 | ||
| 650 | _aEverymans | ||
| 650 | _aastronomy | ||
| 690 | _aAstronomy | ||
| 906 | _a008133 | ||
| 999 |
_c125992 _d125992 |
||